| 000 | 00524nam a22001937a 4500 | ||
|---|---|---|---|
| 003 | KOHA_MİRAKIL | ||
| 005 | 20251001142829.0 | ||
| 008 | 251001b tu ||||| |||| 00| 0 tur d | ||
| 020 | _a9786052603802 | ||
| 040 |
_aTR-AnABB _btur _cTR-AnABB |
||
| 041 | _atur | ||
| 082 |
_a813.42 _bARI 2022 |
||
| 100 | 1 | _aArı, Tekgül, | |
| 245 | 1 | 0 |
_aOff günü / _cTekgül Arı |
| 260 |
_aİstanbul : _bNotaBene Yayınları, _c2022 |
||
| 300 |
_a191 sayfa ; _c21 cm |
||
| 650 | 0 | 4 | _aTürk edebiyatı, roman |
| 942 |
_2ddc _cBK |
||
| 999 |
_c9004 _d9004 |
||
| 900 | _bGizem YORULMAZ | ||